000 01100nam a2200241 i 4500
001 153645
003 ES-MaACL
005 20250905165303.0
008 931025s1765 fr ax |||| | fre d
245 0 0 _aEncyclopédie, ou dictionnaire raisonné des sciences, des arts et des métiers /
_cpar une société de gens de lettres, mis en ordre et publié par Mr<. *** ... ; tome quatorzieme.
260 _aA Neufchastel :
_bchez Samuel Faulche & Compagnie ...,
_c1765.
300 _a[2], 949 p. ;
_cFol.
505 8 _aContiene : Letras REGGI-SEM
597 1 _aSign.: [ ]\p1\s, A-Z\p4\s, 2A-2Z\p4\s, 3A-3I\p4\s, 3K\p\s5\s, 4A-4Z\p4\s, 5A-5Z\p4\s, 6A-6C\p4\s, 6D\p2\s.
597 1 _aTexto a dos col.
597 1 _aPort. con grab. xil.
650 _aEnciclopedias.
_912235
700 1 _aFaulche, Samuel y Cía.
_eimp.
_9233410
710 2 1 _aSociété de Gens de Lettres, de Savans et d'Artistes.
_9134954
752 _aSuiza -
_dNeuchâtel
852 _aES-MaACL
_jR-2123
_z-- Enc. pasta con hierros dorados
_z-- Ex-libris del duque de Hyjar
_d-- Olim: C-10419
999 _c153645
_d153645